000 01451nam a22003737a 4500
003 CHAP
005 20220329143840.0
008 120119d2011 mx r 00010 spa d
010 _a102753
011 _a103725
035 _a114414
040 _cCHAP
090 _aTesis
100 1 _aAragon Magadan, Marco Aurelio.
_96442
245 1 0 _aEtiología de la mancha foliar del caladio (caladium sp.)
_h[En línea]
_c/por Marco Aurelio Aragón Magadán
260 _aChapingo, Méx. :
_bEl autor,
_c2011
500 _aPara ver el contenido del material haga clic en la liga
502 _aTesis (Ing. Agr. Esp. en Parasitología Agrícola) -- UACH. Departamento de Parasitología Agrícola
590 _aALEPH
_b10
_c20130110
_lUCH01
_h1544
590 _aBATCH-UPD
_b10
_c20130110
_lUCH01
_h1516
590 _aBATCH-UPD
_b10
_c20130410
_lUCH01
_h0807
590 _aBATCH-UPD
_b10
_c20140324
_lUCH01
_h1529
590 _aBATCH-UPD
_b10
_c20141002
_lUCH01
_h0852
590 _aBATCH
_b00
_c20181121
_lUCH01
_h0758
590 _aCONVERSION
_b10
_c20130109
_lUCH01
_h1357
650 1 4 _aCaladio.
_917314
650 1 4 _aPlantas ornamentales
_xEnfermedades.
_989062
856 _3Finding aid
_uhttp://10.13.5.2/tesis/114414.pdf
_zTeclea aqui
856 _a1
_n0000438
901 _aBK
942 _cFOLL
949 _aTesis
_bBC
_cTES
_d33724002320397
_eTS1
_gDonaciØn
_h53254
_i114414
_st
949 _aTesis
_bBC
_cTES
_d33724002320439
_eTS2
_fc.2
_gDonaciØn
_h53255
_i114414
_st
999 _c102753
_d102753